Wystawa "Cisterciacký řad v Čechach 1142-1992

Titel: Wystawa "Cisterciacký řad v Čechach 1142-1992 : Ordo Cisterciensis in Bohemia. Monasterium Sedlicense. 850. ČSFR. Kutna Hora. Hradek 9.6-30.9.1992"
Verfasser:
In: Śla̜ski labirynt krajoznawczy, Band 5 (1993), Seite 175-176
alle Artikel anzeigen
Veröffentlicht: 1993
Format: Aufsatz
Sprache: Polnisch
Kein Bild verfügbar
X
alg: 39469315
001A    $01999:12-11-16 
001B    $01999:01-06-17 $t18:00:28.000 
001D    $01999:12-11-16 
001U    $0utf8 
001X    $00 
002@    $0Aox 
003@    $0394693159 
007A    $0394693159 $aHEB 
007T    $0Herdww001927 
010@    $apol 
011@    $a1993 
021A    $aWystawa "Cisterciacký řad v Čechach 1142-1992 $dOrdo Cisterciensis in Bohemia. Monasterium Sedlicense. 850. ČSFR. Kutna Hora. Hradek 9.6-30.9.1992" 
028A    $aKaczmarek $dMichał 
031A    $d5 $h175-176 $j1993 
039B    $aIn $8--Abvc--. Śla̜ski labirynt krajoznawczy. - Wrocław : Sudety, 1989-. - ISSN 0867-0013 $x199300000050000825 $9048583480 

lok: 39469315 78

exp: 39469315 78 1 #EPN
201B/01 $028-08-18 $t22:49:43.000 
201U/01 $0utf8 
203@/01 $0790803658 
208@/01 $a12-11-16 $be 
209A/01 $a/ $f000 $x00 
220C/01 $aTitelaufnehmer: AH 
220C/01 $aHerkunft: IH UWr 
244Z/01 $2Trx $#Silesia $#Śląsk $#Sliezsko $#Slezsko $8--Trx--Schlesien $x01 $9391173987 
244Z/01 $2Trx $#Poola $#Lenkija $#Polija $#Polen Land $#Poland $#Lengyelország $#Poľsko $#Polsko $8--Trx--Polska$gkraj $x02 $9391345966 
244Z/01 $#Tschechien $#Tschechische Republik $#Tschechische Republik $#Tschechenland $#Tschechei Tschechien $#Česká Republika $#Czech Republic $#ČR $74303381-7 $8--Tg1--Tschechien $x03 $9086659812 
244Z/01 $2Trx $#Böhmen $#Bohemia $#Czechy $8--Trx--Čechy $x04 $9391188941 
244Z/01 $aSedlec $x05 
244Z/01 $#Kuttenberg $#Město Kutná Hora $74098868-5 $8--Tg1--Kutná Hora $x06 $9085279129 
244Z/01 $2Trx $#Böhmen $#Bohemia $#Czechy $8--Trx--Čechy $x07 $9391188941 
244Z/01 $aGeschichte 1992 $x08 
244Z/01 $2Trx $#näitused, ajaloolised $#parodos, istorijos $#exhibitions, historical $#történelmi kiállitások $#wystawy historyczne $#výstavy, historické $#výstavy historické $8--Trx--Ausstellungen, historische $x09 $9391383426 
244Z/01 $2Trx $#ordud tsistertslased $#ordinas cistersų $#order Cistercians $#szerzetesrendek Ciszterci szerzetesek $#zakony, cystersi $#rád, cisterciáni $#řád, cisterciáci $#Zisterzienser $#cystersi $#cicterciáni $8--Trx--Orden$gZisterzienser $x10 $9391379240 
244Z/01 $2Trx $8--Trx--Zeitschriftenaufsatz $x11 $9391384341 
247C/01 $82080>Marburg/Lahn, Herder-Institut, Forschungsbibliothek, Bibliographieportal $9336309341
LEADER 00000caa a22000002c 4500
001 394693159
003 DE-603
005 20170601180028.0
007 tu
008 161112s1993 xx |||| | u00||u|pol c
035 |a (DE-599)HEB394693159 
040 |a DE-603  |b ger  |c DE-603  |d DE-603 
041 |a pol 
100 1 |a Kaczmarek, Michał 
245 0 0 |a Wystawa "Cisterciacký řad v Čechach 1142-1992  |b Ordo Cisterciensis in Bohemia. Monasterium Sedlicense. 850. ČSFR. Kutna Hora. Hradek 9.6-30.9.1992" 
264 0 |c 1993 
773 0 8 |i In  |t Śla̜ski labirynt krajoznawczy  |d Wrocław : Sudety, 1989-  |x 0867-0013  |g Band 5 (1993), Seite 175-176  |w (DE-603)048583480  |w (DE-600)1077945-0 
924 0 |9 2080  |a (DE-603)790803658  |b DE-2080  |c HES  |d d  |g /